000 00318nam a22001217a 4500
020 _a9780070607415
082 _a620.0015
_bRED/IN
100 _aRED/IN
_932
245 _aIntroduction to the finite element method
250 _a3rd
260 _aNew Delhi
_bTata McGraw Hill Education Private Limited
_c2011
942 _cBK
999 _c14082
_d14082